LIBRARY & INFORMATION CENTRE, KCAET, TAVANUR

ONLINE PUBLIC ACCESS CATALOGUE (OPAC)

Nammude moulikavakashangal / (Record no. 4508)

MARC details
000 -LEADER
fixed length control field 00442cam a2200181ua 4500
041 ## - LANGUAGE CODE
Language code of text/sound track or separate title mal
082 ## - DEWEY DECIMAL CLASSIFICATION NUMBER
Classification number 341.2
Item number ANN/NA
100 ## - MAIN ENTRY--AUTHOR NAME
Personal name Annie, Thayyil .
245 ## - TITLE STATEMENT
Title Nammude moulikavakashangal /
260 ## - PUBLICATION, DISTRIBUTION, ETC. (IMPRINT)
Place of publication Eranakulam :
Name of publisher Scholar Book Stall ,
Year of publication 1962.
300 ## - PHYSICAL DESCRIPTION
Number of Pages 100 ; .
942 ## - ADDED ENTRY ELEMENTS (KOHA)
Koha item type Books
Holdings
Withdrawn status Lost status Damaged status Home library Current library Date acquired Full call number Accession Number Koha item type Public note
Withdrawn     KAUAET Central Prison Tavanur 07/04/2012 341.2 7901 Books Transferred to Central Prison
Withdrawn     KAUAET KAUAET 07/04/2012 341.2 1225 Books Deleted
free website counter